00653nam a2200205Ia 4500008004100000040001900041041001200060082002200072100001900094245008300113260002800196300001700224440003100241650002000272700001900292850001600311942000700327999001700334952009600351131103s9999 xx 000 0 und d aLoreto College aEnglish aF/MODbLCBED/9709 aConrad, Joseph aModern English short storiescJoseph Conrad & Others; edited by Richard Martin aLondonbMacmillanc1973 aV.2 c 20cm. aMacmillan's student series aEnglish fiction aFobster, E. M. aLCBED/F/MOD cBK c33009d83488 00104070aMAINbMAINd2013-11-04l0oF/MOD LCBED/9709pB35867r2013-11-04w2013-11-04yBK